Europäische Schriftsteller - Bildquiz - Statistiken

Allgemein
  • Dieses Quiz wurde 3.027 mal gespielt
  • Das Durchschnittsergebnis liegt bei 8 aus 16
Antwortstatistiken
Bildquiz Hint Antwort % Korrekt
Vereinigtes Königreich /
1564-1616 /
Romeo & Julia,
Hamlet,
Ein Sommernachtstraum
William Shakespeare
93%
Deutschland /
1749-1832 /
Faust,
Die Leiden des jungen Werthers,
Götz von Berlichingen
Johann Wolfgang von Goethe
91%
Deutschland /
1785-1863, 1786-1859 /
Hänsel & Gretel,
Die Bremer Stadtmusikanten,
Schneewittchen
Brüder Grimm
89%
Schweden /
1907-2002 /
Pippi Langstrumpf,
Michel in der Suppenschüssel,
Wir Kinder aus Bullerbü
Astrid Lindgren
82%
Dänemark /
1805-1875 /
Die kleine Meerjungfrau,
Däumelinchen,
Des Kaisers neue Kleider
Hans Christian Andersen
63%
Vereinigtes Königreich /
1890-1976 /
Mord im Orient-Express,
16 Uhr 50 ab Paddington,
Und dann gabs keines mehr
Agatha Christie
60%
Russland /
1828-1910 /
Krieg und Frieden,
Anna Karenina,
Der Tod des Iwan Iljitsch
Leo Tolstoi
55%
Frankreich /
1828-1905 /
20.000 Meilen unter dem Meer,
Reise um die Erde in 80 Tagen,
Die Reise zum Mittelpunkt der Erde
Jules Verne
51%
Italien /
1265-1321 /
Göttliche Komödie,
Monarchia,
Vita nova
Dante Alighieri
45%
Irland /
1854-1900 /
Das Bildnis des Dorian Gray,
Das Gespenst von Canterville,
Ernst sein ist alles
Oscar Wilde
38%
Frankreich /
1802-1870 /
Die drei Musketiere,
Der Graf von Monte Christo,
Joseph Balsamo
Alexandre Dumas der Ältere
33%
Vereinigtes Königreich /
1859-1930 /
Der Hund von Baskerville,
Die vergessene Welt,
Rodney Stone
Arthur Conan Doyle
33%
Österreich /
1881-1942 /
Schachnovelle,
Sternstunden der Menschheit,
Angst
Stefan Zweig
30%
Spanien /
1547-1616 /
Don Quijote,
Der edelmütige Liebhaber,
Das Zigeunermädchen
Miguel de Cervantes
27%
Vereinigtes Königreich /
1866-1946 /
Der Krieg der Welten,
Der Unsichtbare,
Die Zeitmaschine
H. G. Wells
24%
Frankreich /
1622-1673 /
Der eingebildete Kranke,
Der Geizige,
Scapins Streiche
Molière
23%
Keine übereinstimmenden Quizze gefunden
Verteilung der Resultate
Anzahl Personen mit jedem Resultat
Perzentil nach korrekt beantworteten Fragen
Ihre Resultats-Entwicklung
Sie haben dieses Quiz noch nicht gespielt